000 01712cam a2200301 a 4500
005 20260322212009.0
008 data
010 _a 2010030265
020 _a159420229X (hbk.)
020 _a9781594202292 (hbk.)
040 _aDLC
_cDLC
_dDLC
_dBTCTA
_dYDXCP
_dUPZ
_dABG
_dVP@
_dIXA
_dDLC
050 0 0 _aBF385
_b.F64 2011
082 0 0 _a153.1/4
_222
092 _a153.1 F64 2011
100 1 _aFoer, Joshua.
245 1 0 _aMoonwalking with Einstein :
_bthe art and science of remembering everything /
_cJoshua Foer.
260 _aNew York :
_bPenguin Press,
_c2011.
300 _a307 p. ;
_c25 cm.
504 _aIncludes bibliographical references (p. [289]-297) and index.
505 0 _aThe smartest man is hard to find -- The man who remembered too much -- The expert expert -- The most forgetful man in the world -- The memory palace -- How to memorize a poem -- The end of remembering -- The ok plateau -- The talented tenth -- The little rain man in all of us -- The US memory championships.
520 _aHaving achieved the seemingly unachievable-- becoming a U.S. Memory Champion-- Foer shows how anyone with enough training and determination can achieve mastery of their memory.
650 0 _aMnemonics.
650 0 _aMemory.
906 _a7
_bcbc
_corignew
_d1
_eecip
_f20
_gy-gencatlg
925 0 _aacquire
_b2 shelf copies
_xpolicy default
955 _dxh03 2010-08-09 to Dewey
_wrd06 2010-08-09
_frg06 2011-03-17 Z-CipVer to CALM;
001 data
999 _c178
_d178